000 00368nam a2200133Ia 4500
008 151015s9999 xx 000 0 und d
020 _a534550088
050 _aH 97 .L473 2000
245 _aLester,James P.
250 _a_Public policy an evolutionary approach James P.Lester
260 _a2nd ed.
300 _aBelmont Wadsworth 2000
500 _aIncludes index.
999 _c2058
_d2058